Landlord and tenant (Record no. 64051)

MARC details
000 -LEADER
fixed length control field 00885cam a2200205 4500
001 - CONTROL NUMBER
control field WB3627-22
008 - FIXED-LENGTH DATA ELEMENTS--GENERAL INFORMATION
fixed length control field 000000n2000 000 0 eng u
035 ## - SYSTEM CONTROL NUMBER
System control number (Sirsi) u107113
245 ## - TITLE STATEMENT
Title Landlord and tenant
260 ## - PUBLICATION, DISTRIBUTION, ETC.
Date of publication, distribution, etc. 2000
490 ## - SERIES STATEMENT
Series statement Estates Gazette Case Summaries
Volume/sequential designation [2000] EGCS 81 (8/7/00)
520 ## - SUMMARY, ETC.
Summary, etc. "Starmark Enterprises Ltd v CPL Distribution Ltd" ChD 6 June 2000. Claimant and defendant were landlord and tenant and the dispute was over a rent increase. A counternotice was served out of time and by a clause in the rent notice the tenant was deemed to have agreed to pay an increase. Conflicting authorities reviewed. Judgment for the tenant.
590 ## - LOCAL NOTE (RLIN)
Local note WB
650 ## - SUBJECT ADDED ENTRY--TOPICAL TERM
Topical term or geographic name entry element TIME OF THE ESSENCE
650 ## - SUBJECT ADDED ENTRY--TOPICAL TERM
Topical term or geographic name entry element RENT REVIEWS
650 ## - SUBJECT ADDED ENTRY--TOPICAL TERM
Topical term or geographic name entry element STARMARK ENTERPRISES
650 ## - SUBJECT ADDED ENTRY--TOPICAL TERM
Topical term or geographic name entry element CPL DISTRIBUTION
690 ## - LOCAL SUBJECT ADDED ENTRY--TOPICAL TERM (OCLC, RLIN)
Topical term or geographic name as entry element LANDLORD AND TENANT-RENT REVIEWS-CASE LAW
942 ## - ADDED ENTRY ELEMENTS (KOHA)
Suppress in OPAC 0
Holdings
Withdrawn status Lost status Source of classification or shelving scheme Damaged status Not for loan Home library Current library Shelving location Date acquired Total Checkouts Full call number Barcode Date last seen Copy number Price effective from Koha item type
    Dewey Decimal Classification     London London News article 13/07/2000   WB3627-22 107113-1001 06/08/2019 1 06/08/2019 Law report